[Event "4NCL Division 2c"]
[Site "Hinckley Island ENG"]
[Date "2015.05.03"]
[Round "10.226"]
[White "Golding, James"]
[Black "Lenier, Jude"]
[Result "1-0"]
[WhiteElo "1907"]
[BlackElo "2065"]
[PlyCount "131"]
[EventDate "2015.05.03"]
[WhiteTeam "Barbican 4NCL Youth"]
[BlackTeam "Sussex Martlets 1"]

1. d4 Nf6 2. c4 c5 3. d5 e6 4. Nc3 exd5 5. cxd5 d6 6. e4 g6 7. f3 Bg7 8. Bg5 a6
9. a4 O-O 10. Qd2 Qa5 11. Ra3 Re8 12. Nge2 Nbd7 13. Nc1 Nb6 14. Be2 Bd7 15. O-O
Qb4 16. Be3 Nc4 17. Bxc4 Qxc4 18. Nd3 a5 19. Rc1 Qa6 20. e5 Nh5 21. g4 c4 22.
Nf2 Rxe5 23. gxh5 Rxh5 24. Nfe4 f5 25. Ng3 Rh4 26. Nce2 Re8 27. Rc2 b5 28. axb5
Qxb5 29. Bg5 c3 30. Nxc3 Qc5+ 31. Kg2 Rd4 32. Qf2 f4 33. Nge2 Rxd5 34. Qxc5
Rxc5 35. Bxf4 d5 36. Rd2 Bc6 37. Bd6 Rc4 38. Rxa5 d4 39. Nd5 d3 40. Nec3 Bxd5
41. Rxd5 Bxc3 42. bxc3 Rxc3 43. R5xd3 Rxd3 44. Rxd3 Kf7 45. Bf4 Kf6 46. Kg3 Re1
47. Ra3 h5 48. Ra6+ Kf5 49. Ra5+ Kf6 50. Bg5+ Ke6 51. Kf4 Rb1 52. Ra6+ Kf7 53.
Ra7+ Ke6 54. Re7+ Kd5 55. Bh4 Rb2 56. Bg3 h4 57. Bxh4 Rxh2 58. Bg3 Rh5 59. Rg7
Rf5+ 60. Kg4 Rf6 61. f4 Rc6 62. Bh4 Ke4 63. Bd8 Rc1 64. Re7+ Kd5 65. Kg5 Rc6
66. Rg7 1-0

[Event "4NCL Division 2c"]
[Site "Hinckley Island ENG"]
[Date "2015.05.03"]
[Round "10.227"]
[White "Cumming, Rhys"]
[Black "Wei, Naomi"]
[Result "1-0"]
[WhiteElo "2130"]
[BlackElo "1915"]
[PlyCount "73"]
[EventDate "2015.05.03"]
[WhiteTeam "Sussex Martlets 1"]
[BlackTeam "Barbican 4NCL Youth"]

1. d4 Nf6 2. Bg5 c5 3. d5 Qb6 4. Nc3 Qxb2 5. Bd2 Qb6 6. e4 d6 7. f4 Bg4 8. Be2
Bxe2 9. Qxe2 e6 10. Rb1 Qc7 11. Nf3 Be7 12. Qb5+ Nbd7 13. dxe6 fxe6 14. Ng5 a6
15. Nxe6 axb5 16. Nxc7+ Kf7 17. Nxa8 b4 18. Nc7 bxc3 19. Bxc3 Nxe4 20. Nd5 Nxc3
21. Nxc3 Rb8 22. O-O Bf6 23. Nb5 Be7 24. Rfd1 Ke6 25. Re1+ Kf7 26. Nxd6+ Bxd6
27. Rbd1 Bxf4 28. Rxd7+ Kg8 29. Ree7 Bh6 30. Rxb7 Ra8 31. g4 g6 32. Rxh7 Be3+
33. Kg2 Rxa2 34. Rhe7 Rxc2+ 35. Kf3 Bh6 36. Re8+ Bf8 37. Rbb8 1-0

[Event "4NCL Division 2c"]
[Site "Hinckley Island ENG"]
[Date "2015.05.03"]
[Round "10.228"]
[White "Golding, William"]
[Black "Brewer, Callum D"]
[Result "0-1"]
[WhiteElo "1525"]
[BlackElo "1915"]
[PlyCount "80"]
[EventDate "2015.05.03"]
[WhiteTeam "Barbican 4NCL Youth"]
[BlackTeam "Sussex Martlets 1"]

1. d4 Nf6 2. Nf3 e6 3. Bf4 d5 4. e3 c5 5. c3 Nc6 6. Nbd2 Bd6 7. Ne5 Qc7 8. Ndf3
Ne4 9. Bd3 cxd4 10. exd4 f6 11. Nxc6 Bxf4 12. Nb4 O-O 13. O-O f5 14. Qb3 a5 15.
Nxd5 exd5 16. Qxd5+ Kh8 17. Bxe4 fxe4 18. Qxe4 Bf5 19. Qd5 Bd7 20. Ne5 Bc6 21.
Qc5 Bxe5 22. dxe5 Rae8 23. f4 Qd7 24. Qxa5 Qg4 25. Rf2 Rxf4 26. Raf1 Ref8 27.
h3 Rxf2 28. Rxf2 Qd1+ 29. Kh2 Re8 30. Qc5 Qd8 31. Qd6 Kg8 32. c4 Qh4 33. Qc5
Qe4 34. b4 b6 35. Qxb6 Qxc4 36. Qa5 Qd4 37. Rc2 Rxe5 38. Qc7 Qf4+ 39. g3 Re2+
40. Kg1 Qf2# 0-1

[Event "4NCL Division 2c"]
[Site "Hinckley Island ENG"]
[Date "2015.05.03"]
[Round "10.231"]
[White "Robertson, Stuart"]
[Black "Willis, Rupert"]
[Result "0-1"]
[WhiteElo "2094"]
[BlackElo "2140"]
[PlyCount "86"]
[EventDate "2015.05.03"]
[WhiteTeam "Cambridge University 2"]
[BlackTeam "Grantham Sharks 2"]

1. d4 Nf6 2. c4 e6 3. Nc3 c5 4. d5 exd5 5. cxd5 d6 6. g3 g6 7. Bg2 Bg7 8. Nf3
O-O 9. O-O a6 10. a4 Nbd7 11. h3 Rb8 12. a5 Re8 13. Nd2 b5 14. axb6 Nxb6 15. e4
Bd7 16. Rxa6 Qc8 17. Ra7 Bxh3 18. Qc2 Bxg2 19. Kxg2 Rb7 20. Ra2 Rbe7 21. f3 h5
22. b3 Nfxd5 23. exd5 Bxc3 24. Ne4 Be5 25. Bg5 Nxd5 26. Qd2 Qc7 27. Bxe7 Nxe7
28. Rc2 Nf5 29. Re1 Rb8 30. b4 c4 31. f4 Bg7 32. Kh2 Nd4 33. Rc3 Rxb4 34. Qa2
Qb7 35. Qa5 Rb2+ 36. Kg1 Ne6 37. Ra3 Bd4+ 38. Kh1 Kg7 39. f5 Nc5 40. Qa8 Nxe4
41. Qxb7 Rxb7 42. f6+ Kxf6 43. Ra6 Rb6 0-1

[Event "4NCL Division 2c"]
[Site "Hinckley Island ENG"]
[Date "2015.05.03"]
[Round "10.232"]
[White "Murphy, Hugh W"]
[Black "Lee, Richard WY"]
[Result "0-1"]
[WhiteElo "2173"]
[BlackElo "2159"]
[PlyCount "140"]
[EventDate "2015.05.03"]
[WhiteTeam "Grantham Sharks 2"]
[BlackTeam "Cambridge University 2"]

1. d4 d5 2. Nf3 Nf6 3. e3 Bf5 4. Nh4 e6 5. Nxf5 exf5 6. c4 c6 7. Nc3 Bb4 8. Bd3
Ne4 9. O-O dxc4 10. Bxc4 O-O 11. Qf3 Nd6 12. Bd3 Qf6 13. Bd2 Bxc3 14. Bxc3 Qe6
15. Bb4 g6 16. Qf4 Rd8 17. Rac1 a5 18. Bc5 Na6 19. Bb6 Nb4 20. Qh4 Nxd3 21. Rc3
Rd7 22. Rxd3 Nc4 23. d5 Qe4 24. Qxe4 fxe4 25. Rb3 Nd2 26. dxc6 bxc6 27. Rd1
Nf3+ 28. gxf3 Rxd1+ 29. Kg2 exf3+ 30. Kxf3 Rd5 31. Rc3 Rf5+ 32. Kg2 Rc8 33. b3
Kf8 34. Rc4 Ke7 35. Ra4 Rg5+ 36. Kf3 Rf5+ 37. Kg2 Ra8 38. b4 Rg5+ 39. Kf3 Rf5+
40. Kg2 Ra6 41. Bxa5 Ke6 42. Ra3 Rb5 43. Rc3 c5 44. a3 Kd5 45. Kf3 c4 46. Rc2
g5 47. Rd2+ Ke6 48. Rd4 Rc6 49. a4 Rf5+ 50. Ke2 c3 51. Rd1 g4 52. Rc1 c2 53. e4
Rh5 54. b5 Rc4 55. Kd3 Rxa4 56. Bc3 Rxb5 57. Rxc2 Rc5 58. Kd2 Rac4 59. Rc1 h5
60. Bb2 Rxc1 61. Bxc1 Rxc1 62. Kxc1 Ke5 63. Kd2 Kxe4 64. Ke2 Kf4 65. Kf1 Kf3
66. Kg1 h4 67. Kf1 g3 68. h3 f6 69. Kg1 gxf2+ 70. Kh2 f1=B 0-1

[Event "4NCL Division 2c"]
[Site "Hinckley Island ENG"]
[Date "2015.05.03"]
[Round "10.233"]
[White "Churm, Rohan M"]
[Black "Varnam, Liam D"]
[Result "0-1"]
[WhiteElo "2162"]
[BlackElo "2170"]
[PlyCount "100"]
[EventDate "2015.05.03"]
[WhiteTeam "Cambridge University 2"]
[BlackTeam "Grantham Sharks 2"]

1. e4 e5 2. Nf3 Nc6 3. Bb5 a6 4. Bxc6 dxc6 5. O-O f6 6. d4 exd4 7. Nxd4 c5 8.
Ne2 Qxd1 9. Rxd1 Bd7 10. Be3 O-O-O 11. Nbc3 Bd6 12. Nd5 Bc6 13. Nef4 Re8 14.
Nh5 g6 15. Nhxf6 Nxf6 16. Nxf6 Re6 17. Nd5 Rxe4 18. Rd2 b5 19. Rad1 Kb7 20. f3
Rh4 21. g3 Ra4 22. a3 Re8 23. Kf2 b4 24. axb4 cxb4 25. f4 Re6 26. b3 Ra2 27. c4
Ra3 28. c5 Bf8 29. Rb1 a5 30. g4 Bg7 31. Bd4 Bxd4+ 32. Rxd4 Ra2+ 33. Kg3 Bxd5
34. Rxd5 Re3+ 35. Kh4 h6 36. Rh1 Rxb3 37. g5 hxg5+ 38. Rxg5 Rf2 39. c6+ Kb6 40.
Rxg6 Rxf4+ 41. Kg5 Rc4 42. h4 Rg3+ 43. Kh6 Rxc6 44. h5 b3 45. Kh7 Rcxg6 46.
hxg6 a4 47. g7 Rxg7+ 48. Kxg7 b2 49. Kf6 a3 50. Rb1 Kc5 0-1

[Event "4NCL Division 2c"]
[Site "Hinckley Island ENG"]
[Date "2015.05.03"]
[Round "10.234"]
[White "Birtwistle, Nigel"]
[Black "Beckett, Chris J"]
[Result "0-1"]
[WhiteElo "2132"]
[BlackElo "2169"]
[PlyCount "82"]
[EventDate "2015.05.03"]
[WhiteTeam "Grantham Sharks 2"]
[BlackTeam "Cambridge University 2"]

1. Nf3 Nf6 2. g3 d5 3. Bg2 e6 4. O-O b5 5. d3 Bb7 6. c3 Nbd7 7. a4 b4 8. a5 Rc8
9. Be3 bxc3 10. bxc3 c5 11. c4 Be7 12. Bd2 O-O 13. a6 Ba8 14. Ba5 Qe8 15. Nc3
Nb8 16. Nb5 Nc6 17. Bc3 d4 18. Bd2 Qd7 19. Qa4 e5 20. Ng5 Ne8 21. Bh3 f5 22.
Bg2 Nf6 23. Rab1 h6 24. Nf3 Qe6 25. Ba5 Bd8 26. Bxd8 Rfxd8 27. Nd2 e4 28. Nb3
Qe7 29. Qa3 Ne5 30. N3xd4 Qd7 31. Nb3 exd3 32. exd3 Bxg2 33. Kxg2 f4 34. f3
Qxd3 35. Na5 Qc2+ 36. Rf2 Qxb1 37. Nxa7 Rc7 38. Nb5 Rcd7 39. Nb7 Nxc4 40. Qxc5
Ne3+ 41. Kh3 Rd5 0-1

[Event "4NCL Division 2c"]
[Site "Hinckley Island ENG"]
[Date "2015.05.03"]
[Round "10.235"]
[White "Somerfield, Adrian P"]
[Black "Kafka, Graeme"]
[Result "1/2-1/2"]
[WhiteElo "2080"]
[BlackElo "2041"]
[PlyCount "54"]
[EventDate "2015.05.03"]
[WhiteTeam "Cambridge University 2"]
[BlackTeam "Grantham Sharks 2"]

1. d4 d5 2. Nf3 Nf6 3. e3 c6 4. Nbd2 Bf5 5. Ne5 h6 6. g4 Bh7 7. h4 Nfd7 8. Ndf3
Nxe5 9. Nxe5 Nd7 10. Bd3 Bxd3 11. Nxd3 e6 12. b3 Be7 13. h5 O-O 14. Qe2 c5 15.
Bb2 Qa5+ 16. c3 c4 17. Nf4 e5 18. dxe5 Nxe5 19. O-O Rad8 20. Rfd1 Bg5 21. b4
Qb5 22. a4 Qd7 23. Rxd5 Qxg4+ 24. Qxg4 Nxg4 25. Rad1 Ne5 26. Rxd8 Rxd8 27.
Rxd8+ Bxd8 1/2-1/2

[Event "4NCL Division 2c"]
[Site "Hinckley Island ENG"]
[Date "2015.05.03"]
[Round "10.236"]
[White "Batchelor, Guy J"]
[Black "Brau, Julio"]
[Result "0-1"]
[WhiteElo "2080"]
[BlackElo "2077"]
[PlyCount "80"]
[EventDate "2015.05.03"]
[WhiteTeam "Grantham Sharks 2"]
[BlackTeam "Cambridge University 2"]

1. e4 c5 2. Nc3 Nc6 3. Bb5 Nd4 4. Bc4 e6 5. d3 Nf6 6. f4 d5 7. Bb3 dxe4 8. Nxe4
b5 9. Ne2 Nxe4 10. dxe4 Nxe2 11. Qxe2 c4 12. Bxc4 bxc4 13. Qxc4 Qb6 14. Bd2 Ba6
15. Qa4+ Bb5 16. Qb3 Bc6 17. Qc4 Rb8 18. b3 Ba3 19. Qe2 Qd4 20. c3 Qxe4 21.
Qxe4 Bxe4 22. O-O Bc5+ 23. Kh1 Rd8 24. Be1 Bd3 25. Rf3 Be2 26. Rg3 O-O 27. b4
Bd6 28. Re3 Ba6 29. g3 Bc7 30. Kg2 Bb6 31. Re5 Bb7+ 32. Kh3 f6 33. Re2 Bf3 34.
Rxe6 Rd5 35. g4 Bc7 36. Bg3 h5 37. gxh5 Rxh5+ 38. Bh4 Bxf4 39. Rf1 Bd5 40. Kg4
Rxh4+ 0-1

[Event "4NCL Division 2c"]
[Site "Hinckley Island ENG"]
[Date "2015.05.03"]
[Round "10.237"]
[White "Bamber, Elaine"]
[Black "James, Stephen B"]
[Result "1/2-1/2"]
[WhiteElo "2071"]
[BlackElo "1988"]
[PlyCount "136"]
[EventDate "2015.05.03"]
[WhiteTeam "Cambridge University 2"]
[BlackTeam "Grantham Sharks 2"]

1. e4 e5 2. Bc4 Nc6 3. d3 Nf6 4. Nf3 Bc5 5. O-O d6 6. c3 a6 7. b4 Ba7 8. a4 h6
9. Nbd2 O-O 10. Bb3 Ne7 11. Nc4 Ng6 12. Be3 Bxe3 13. fxe3 Be6 14. Qe1 Qe7 15.
Nh4 Nxh4 16. Qxh4 Rae8 17. Rf3 Nd7 18. Qf2 c6 19. Bc2 d5 20. Na5 dxe4 21. dxe4
Nb6 22. Nb3 Nd7 23. Rb1 Rd8 24. Na5 Nb6 25. Rf1 Nc4 26. Nb3 Rd6 27. Rc1 Na3 28.
Nc5 Nxc2 29. Qxc2 Bc4 30. a5 Rfd8 31. Rf2 f6 32. h3 Qf7 33. Qb2 Qc7 34. Rcc2 b6
35. axb6 Qxb6 36. Rcd2 a5 37. Rxd6 Rxd6 38. Rd2 Qd8 39. Rxd6 Qxd6 40. Qc2 axb4
41. cxb4 Bf7 42. Kf2 Kh7 43. Ke1 Qb8 44. Qd2 Qa7 45. Nd7 Qa8 46. Kf2 Be6 47.
Qd6 Bxd7 48. Qxd7 Qf8 49. Qd2 Qe8 50. Ke2 Qe6 51. Qc2 Qd6 52. Qc5 Qe6 53. Qc2
Qe8 54. Kd3 Qb8 55. Qc4 Qa8 56. Ke2 Qa4 57. Kf2 Qd1 58. Kg3 Qe1+ 59. Kf3 h5 60.
Qxc6 h4 61. Qc4 Qg3+ 62. Ke2 Qxg2+ 63. Kd1 Qg1+ 64. Kd2 Qg2+ 65. Qe2 Qxh3 66.
Qh5+ Kg8 67. Qe8+ Kh7 68. Qh5+ Kg8 1/2-1/2

[Event "4NCL Division 2c"]
[Site "Hinckley Island ENG"]
[Date "2015.05.03"]
[Round "10.238"]
[White "Parmar, Amisha"]
[Black "Gooding, Ian"]
[Result "0-1"]
[WhiteElo "1952"]
[BlackElo "2027"]
[PlyCount "52"]
[EventDate "2015.05.03"]
[WhiteTeam "Grantham Sharks 2"]
[BlackTeam "Cambridge University 2"]

1. d4 d5 2. Nc3 Nf6 3. Bg5 e6 4. e4 Be7 5. e5 Nfd7 6. Bxe7 Qxe7 7. f4 O-O 8.
Nf3 c5 9. Qd2 Nc6 10. O-O-O c4 11. h4 Rb8 12. Nb5 a6 13. Nd6 b5 14. f5 f6 15.
Nxc8 Rfxc8 16. fxe6 c3 17. Qe1 cxb2+ 18. Kxb2 Qxe6 19. exf6 Qxf6 20. Be2 Nb6
21. Rf1 Qd6 22. Bd3 Nc4+ 23. Bxc4 bxc4+ 24. Ka1 Qa3 25. Rb1 Rxb1+ 26. Qxb1 Rb8
0-1

[Event "4NCL Division 2c"]
[Site "Hinckley Island ENG"]
[Date "2015.05.03"]
[Round "10.241"]
[White "Martin, Andrew"]
[Black "Gantner, Matthias"]
[Result "1/2-1/2"]
[WhiteElo "2377"]
[BlackElo "2282"]
[PlyCount "39"]
[EventDate "2015.05.03"]
[WhiteTeam "Guildford 3"]
[BlackTeam "White Rose 2"]

1. g3 e5 2. Bg2 Nf6 3. d3 Bc5 4. Nf3 d6 5. c4 O-O 6. Nc3 c6 7. O-O Bg4 8. Bg5
h6 9. Bxf6 Qxf6 10. Ne4 Qe7 11. Nxc5 dxc5 12. Qb3 a5 13. Ne1 Qc7 14. Qc3 Nd7
15. h3 Bf5 16. e3 Bg6 17. Rd1 Rad8 18. a3 a4 19. d4 exd4 20. exd4 1/2-1/2

[Event "4NCL Division 2c"]
[Site "Hinckley Island ENG"]
[Date "2015.05.03"]
[Round "10.242"]
[White "Barrett, Stephen"]
[Black "Wall, Gavin"]
[Result "1/2-1/2"]
[WhiteElo "2202"]
[BlackElo "2323"]
[PlyCount "36"]
[EventDate "2015.05.03"]
[WhiteTeam "White Rose 2"]
[BlackTeam "Guildford 3"]

1. d4 f5 2. g3 Nf6 3. Bg2 g6 4. Nh3 c6 5. c4 d6 6. d5 e5 7. dxe6 Bxe6 8. b3 Bg7
9. Bb2 O-O 10. O-O Na6 11. Ng5 Bd7 12. Nd2 Qe7 13. Re1 Rae8 14. e4 f4 15. Ndf3
fxg3 16. hxg3 Bg4 17. Qd2 Nd7 18. Bxg7 Kxg7 1/2-1/2

[Event "4NCL Division 2c"]
[Site "Hinckley Island ENG"]
[Date "2015.05.03"]
[Round "10.243"]
[White "Povah, Nigel"]
[Black "Adams, David"]
[Result "0-1"]
[WhiteElo "2299"]
[BlackElo "2220"]
[PlyCount "72"]
[EventDate "2015.05.03"]
[WhiteTeam "Guildford 3"]
[BlackTeam "White Rose 2"]

1. d4 d5 2. Bg5 c6 3. e3 Qb6 4. Qc1 Bf5 5. Nf3 Nd7 6. c4 dxc4 7. Bxc4 Ngf6 8.
Nc3 e6 9. O-O Ne4 10. Nxe4 Bxe4 11. Nd2 Bg6 12. Be2 Nf6 13. Nc4 Qd8 14. Ne5 Be7
15. b4 O-O 16. Qb2 Nd5 17. Bxe7 Qxe7 18. a3 f6 19. Nxg6 hxg6 20. b5 Rfc8 21.
Rfc1 cxb5 22. Bxb5 f5 23. g3 Rc7 24. Rxc7 Qxc7 25. Rc1 Qb6 26. Rc2 Rd8 27. a4
Rd6 28. Qa3 Kh7 29. h4 a6 30. Be2 Rc6 31. Rb2 Qa5 32. Qa1 Qc7 33. Kg2 Rc1 34.
Rb1 Qc6 35. f3 Rc2 36. Kf1 Nc3 0-1

[Event "4NCL Division 2c"]
[Site "Hinckley Island ENG"]
[Date "2015.05.03"]
[Round "10.244"]
[White "Weller, Jean-Luc"]
[Black "Granat, Russell"]
[Result "1-0"]
[WhiteElo "2233"]
[BlackElo "2189"]
[PlyCount "133"]
[EventDate "2015.05.03"]
[WhiteTeam "White Rose 2"]
[BlackTeam "Guildford 3"]

1. d4 d5 2. c4 c6 3. Nf3 dxc4 4. e3 Be6 5. a4 Nf6 6. Na3 Bd5 7. Nxc4 e6 8. Bd3
Be4 9. O-O Qd5 10. Bxe4 Nxe4 11. Ncd2 Nd7 12. Nxe4 Qxe4 13. Qb3 Rb8 14. Bd2 Be7
15. Bb4 Bxb4 16. Qxb4 f6 17. Nd2 c5 18. Nxe4 cxb4 19. a5 Ke7 20. Ra4 Rhc8 21.
Rxb4 Rc2 22. Nc3 b6 23. a6 b5 24. g3 Rb6 25. Ra1 Nb8 26. Ra5 Nc6 27. Rbxb5 Rxb2
28. Rxb2 Rxb2 29. Rb5 Rxb5 30. Nxb5 Nb4 31. Nxa7 Nxa6 32. Nb5 Nb4 33. Kf1 Kd7
34. Ke2 Nd5 35. h4 g6 36. Kd3 f5 37. Na3 Nf6 38. f3 h6 39. Nc4 g5 40. Ne5+ Ke7
41. Ke2 Nh5 42. Kf2 Nf6 43. g4 gxh4 44. gxf5 exf5 45. Ng6+ Ke6 46. Nxh4 Nd5 47.
Ng2 Kf6 48. Ke2 Kg5 49. e4 Nc7 50. Ke3 h5 51. d5 h4 52. Nxh4 f4+ 53. Kd4 Kxh4
54. Ke5 Kg3 55. d6 Na6 56. Kd5 Nb8 57. e5 Kxf3 58. e6 Kg2 59. e7 f3 60. e8=Q f2
61. Qg8+ Kf3 62. Qf7+ Kg2 63. Qg6+ Kh2 64. Qf5 Kg2 65. Qg4+ Kf1 66. Ke4 Ke1 67.
Qg3 1-0

[Event "4NCL Division 2c"]
[Site "Hinckley Island ENG"]
[Date "2015.05.03"]
[Round "10.245"]
[White "Sarakauskiene, Zivile"]
[Black "Gayson, Peter"]
[Result "1-0"]
[WhiteElo "2152"]
[BlackElo "2168"]
[PlyCount "143"]
[EventDate "2015.05.03"]
[WhiteTeam "Guildford 3"]
[BlackTeam "White Rose 2"]

1. e4 c5 2. Nf3 e6 3. d4 cxd4 4. Nxd4 Nf6 5. Nc3 Nc6 6. Ndb5 Bb4 7. a3 Bxc3+ 8.
Nxc3 d5 9. exd5 exd5 10. Bd3 O-O 11. O-O d4 12. Ne2 Bg4 13. f3 Bh5 14. Bg5 Qd6
15. Qd2 Rfe8 16. Rad1 Rad8 17. Kh1 a6 18. Bh4 Rd7 19. Bf5 Rdd8 20. Bf2 Qe5 21.
Bd3 Kh8 22. Rde1 Qc7 23. Nf4 Rxe1 24. Rxe1 Bg6 25. Bg3 Qd7 26. Bc4 b5 27. Bb3
Nh5 28. Bh4 Re8 29. Rxe8+ Qxe8 30. Nxg6+ hxg6 31. Bd5 Qd7 32. Bxc6 Qxc6 33. Bf2
Qc4 34. Bxd4 Qf1+ 35. Bg1 Qb1 36. c3 Qf1 37. Qe3 Kh7 38. Qf2 Qc1 39. g3 a5 40.
Qe2 Qg5 41. Qe3 Qd5 42. Kg2 a4 43. Qd4 Qb3 44. Qb4 Qc2+ 45. Bf2 Qe2 46. b3 axb3
47. Qxb3 f5 48. a4 bxa4 49. Qxa4 Nf6 50. Qd4 Qc2 51. Qh4+ Kg8 52. c4 Kf7 53.
Qf4 Kg8 54. h3 Kh7 55. c5 Nh5 56. Qh4 Kg8 57. Qg5 Kh7 58. g4 Nf6 59. gxf5 gxf5
60. h4 Nd5 61. h5 Nb4 62. Qg6+ Kh8 63. h6 gxh6 64. Qxh6+ Kg8 65. Qg6+ Kh8 66.
Qf6+ Kg8 67. Qd8+ Kf7 68. Qc7+ Kg6 69. Qb6+ Kg5 70. Qxb4 f4 71. Qe4 Qc1 72. c6
1-0

[Event "4NCL Division 2c"]
[Site "Hinckley Island ENG"]
[Date "2015.05.03"]
[Round "10.246"]
[White "Shaw, Peter"]
[Black "Zhang, Anthony"]
[Result "1/2-1/2"]
[WhiteElo "2160"]
[BlackElo "2170"]
[PlyCount "104"]
[EventDate "2015.05.03"]
[WhiteTeam "White Rose 2"]
[BlackTeam "Guildford 3"]

1. d4 Nf6 2. c4 g6 3. Nc3 Bg7 4. e4 d6 5. Nf3 O-O 6. Be2 e5 7. Be3 Nbd7 8. d5
Re8 9. Nd2 Kh8 10. b4 b6 11. Nb3 Bf8 12. O-O Ng8 13. a4 Bh6 14. Bxh6 Nxh6 15.
a5 Bb7 16. Qd2 Kg7 17. axb6 axb6 18. Rxa8 Qxa8 19. Ra1 Qb8 20. Nb5 f5 21. f3
Re7 22. Qe3 fxe4 23. fxe4 Nf6 24. h3 Bc8 25. c5 bxc5 26. bxc5 dxc5 27. Qxc5 Rf7
28. Qa7 Qxa7+ 29. Nxa7 Bd7 30. Nc5 Re7 31. Rb1 Kf7 32. Rb7 Ne8 33. Bc4 Nd6 34.
Rxc7 Be8 35. Rxe7+ Kxe7 36. Ba6 g5 37. Kf2 Ng8 38. Nc8+ Nxc8 39. Bxc8 Bg6 40.
Ke3 Nf6 41. Ba6 Kd6 42. Nb7+ Kc7 43. Nc5 Kb6 44. Nd3 Kxa6 45. Nxe5 Bxe4 46. Nd7
Nxd7 47. Kxe4 Kb6 48. Kf5 Kc5 49. Kxg5 Kxd5 50. Kh6 Ke5 51. Kxh7 Kf4 52. Kg6
Kg3 1/2-1/2

[Event "4NCL Division 2c"]
[Site "Hinckley Island ENG"]
[Date "2015.05.03"]
[Round "10.247"]
[White "Osborne, Marcus"]
[Black "Burnett, Jim"]
[Result "0-1"]
[WhiteElo "2192"]
[BlackElo "2121"]
[PlyCount "88"]
[EventDate "2015.05.03"]
[WhiteTeam "Guildford 3"]
[BlackTeam "White Rose 2"]

1. e4 e6 2. d4 d5 3. Nc3 Bb4 4. e5 c5 5. a3 Bxc3+ 6. bxc3 Ne7 7. a4 Qc7 8. Nf3
b6 9. Bb5+ Bd7 10. Bd3 h6 11. a5 bxa5 12. O-O c4 13. Be2 Nbc6 14. Nh4 O-O 15.
Ba3 f5 16. Bd6 Qd8 17. f4 Kh7 18. h3 Rg8 19. Qe1 Nc8 20. Ba3 Rb8 21. g4 g6 22.
Ng2 Be8 23. Ne3 Nb6 24. Kh1 Rb7 25. Rg1 Rbg7 26. Bf3 Kh8 27. Rd1 Nb8 28. Rd2
Na6 29. Rdg2 Bf7 30. h4 h5 31. gxh5 gxh5 32. Rg5 Nc7 33. Qe2 Qe8 34. Rb1 Nb5
35. Rxb5 Qxb5 36. Be7 Rxg5 37. fxg5 Qe8 38. Bf6+ Kh7 39. Ng2 a4 40. Nf4 a3 41.
Qd1 a2 42. Nxh5 Qa4 43. Qd2 a1=Q+ 44. Kg2 Qb1 0-1

[Event "4NCL Division 2c"]
[Site "Hinckley Island ENG"]
[Date "2015.05.03"]
[Round "10.248"]
[White "Slade, Theo"]
[Black "Golding, Alex"]
[Result "1/2-1/2"]
[WhiteElo "2035"]
[BlackElo "2050"]
[PlyCount "127"]
[EventDate "2015.05.03"]
[WhiteTeam "White Rose 2"]
[BlackTeam "Guildford 3"]

1. e4 c5 2. Nf3 e6 3. c4 Nc6 4. d4 cxd4 5. Nxd4 Qc7 6. Nc3 a6 7. Nc2 Nf6 8. Be2
h5 9. f4 Bc5 10. Be3 Bxe3 11. Nxe3 Qxf4 12. Qd3 Nb4 13. Qd4 Qxe3 14. Qxe3 Nc2+
15. Kd2 Nxe3 16. Kxe3 d6 17. Rad1 Ke7 18. Rd2 Bd7 19. Rhd1 Bc6 20. Rxd6 Ng4+
21. Kf4 g5+ 22. Kg3 Ne3 23. R1d2 f5 24. Kf2 f4 25. b4 g4 26. Nd1 Nxd1+ 27. Bxd1
Bxe4 28. Rd7+ Kf6 29. Re2 Bc6 30. Rd6 Rae8 31. Bb3 Rh7 32. b5 axb5 33. cxb5 Bd7
34. Re4 Kg5 35. Bxe6 Bxe6 36. Rdxe6 Rxe6 37. Rxe6 Rc7 38. Re5+ Kg6 39. a4 Rc2+
40. Re2 Rc3 41. Re4 Kf5 42. Rb4 Rc2+ 43. Kf1 Ra2 44. b6 h4 45. Rb5+ Ke4 46.
Rb4+ Ke5 47. Rb5+ Ke6 48. Rh5 h3 49. gxh3 gxh3 50. Rxh3 Kd5 51. Rh7 Kc6 52.
Rh6+ Kc5 53. a5 Kd4 54. Rh7 Ke3 55. Rxb7 Rxa5 56. Ra7 Rb5 57. Ra3+ Ke4 58. Ra4+
Kf3 59. Ra3+ Kg4 60. h3+ Kf5 61. Kf2 Rxb6 62. Ra5+ Ke4 63. Ra4+ Kf5 64. Ra5+
1/2-1/2

[Event "4NCL Division 2c"]
[Site "Birmingham Airport ENG"]
[Date "2015.03.29"]
[Round "8.211"]
[White "Gordon, Stephen J"]
[Black "Purton, Ben J"]
[Result "1-0"]
[WhiteElo "2493"]
[BlackElo "2142"]
[PlyCount "77"]
[EventDate "2015.03.29"]
[WhiteTeam "3Cs"]
[BlackTeam "Grantham Sharks 2"]

1. Nf3 Nf6 2. c4 g6 3. Nc3 Bg7 4. e4 d6 5. d4 O-O 6. Be2 Na6 7. O-O e5 8. Be3
Ng4 9. Bg5 Qe8 10. h3 h6 11. Bc1 exd4 12. Nxd4 Nf6 13. Bd3 Nc5 14. Re1 Nfd7 15.
Bc2 c6 16. Be3 a5 17. Qd2 Kh7 18. Nde2 Nf6 19. f3 Qe6 20. Rad1 Qxc4 21. Qxd6
Na6 22. Bd4 Ne8 23. Qg3 Bxd4+ 24. Rxd4 Qc5 25. f4 f5 26. Kh2 Ng7 27. Red1 Qe7
28. Qe3 Nc5 29. Ng3 fxe4 30. Ncxe4 Nxe4 31. Rxe4 Qf6 32. Re7 Rf7 33. Rxf7 Qxf7
34. Rd6 Bf5 35. Nxf5 gxf5 36. Bb3 Qf8 37. Rd7 a4 38. Bf7 Rd8 39. Qg3 1-0

[Event "4NCL Division 2c"]
[Site "Birmingham Airport ENG"]
[Date "2015.03.29"]
[Round "8.212"]
[White "McGowan, Daniel"]
[Black "Ashton, Adam G"]
[Result "0-1"]
[WhiteElo "2124"]
[BlackElo "2388"]
[PlyCount "98"]
[EventDate "2015.03.29"]
[WhiteTeam "Grantham Sharks 2"]
[BlackTeam "3Cs"]

1. e4 e5 2. Nf3 Nc6 3. Bb5 a6 4. Ba4 Nf6 5. O-O Nxe4 6. Re1 Nc5 7. Bxc6 dxc6 8.
Nxe5 Be7 9. d4 Ne6 10. c3 O-O 11. Be3 Re8 12. Nd2 f6 13. Nd3 a5 14. a4 b6 15.
Qb3 Qd5 16. Qxd5 cxd5 17. Nf4 Nxf4 18. Bxf4 Ra7 19. Re2 Kf7 20. Rae1 Bd7 21. b3
Bf8 22. Rxe8 Bxe8 23. Nf1 c6 24. Ne3 Bd7 25. c4 dxc4 26. Nxc4 b5 27. Nd6+ Kg6
28. Re3 h5 29. h4 Ra8 30. Nb7 Bb4 31. Bd6 Bxd6 32. Nxd6 bxa4 33. bxa4 c5 34.
dxc5 Bxa4 35. Rg3+ Kh7 36. Nf5 Ra7 37. Rc3 Bd7 38. Nd4 a4 39. c6 Bc8 40. Ra3
Ra5 41. Ne2 Ra6 42. g3 Rxc6 43. Rxa4 Rc2 44. Re4 Ba6 45. Kf1 Rc1+ 46. Kg2 Re1
47. Nc3 Bb7 48. f3 Bxe4 49. Nxe4 Kg6 0-1

[Event "4NCL Division 2c"]
[Site "Birmingham Airport ENG"]
[Date "2015.03.29"]
[Round "8.213"]
[White "Horton, Andrew P"]
[Black "Varnam, Liam D"]
[Result "1-0"]
[WhiteElo "2269"]
[BlackElo "2124"]
[PlyCount "101"]
[EventDate "2015.03.29"]
[WhiteTeam "3Cs"]
[BlackTeam "Grantham Sharks 2"]

1. Nf3 Nf6 2. c4 c5 3. g3 b6 4. Bg2 Bb7 5. O-O e6 6. b3 Be7 7. Bb2 O-O 8. e3 d6
9. Qe2 Nbd7 10. d3 Qc7 11. Nc3 a6 12. Rad1 d5 13. Ne1 Rfd8 14. f4 d4 15. exd4
cxd4 16. Nb1 Bxg2 17. Qxg2 Bc5 18. Nc2 a5 19. Kh1 Ng4 20. Qf3 Ne3 21. Nxe3 dxe3
22. d4 Bf8 23. Nc3 Rac8 24. Qxe3 Nf6 25. Qf3 Bb4 26. Nb5 Qe7 27. f5 exf5 28. a3
Bd6 29. d5 Ne4 30. Qxf5 Bxg3 31. Kg2 Bh4 32. Rf4 Nc5 33. Qg4 Qg5 34. Qxg5 Bxg5
35. Rg4 Bh6 36. b4 axb4 37. axb4 Nb7 38. Re1 Nd6 39. Nxd6 Rxd6 40. Rge4 Kf8 41.
b5 Rdd8 42. Ba3+ Kg8 43. Be7 Rd7 44. Bc5 f5 45. Re8+ Rxe8 46. Rxe8+ Kf7 47.
Rf8+ Kg6 48. Bxb6 Bg5 49. Re8 Be7 50. Rc8 Bf6 51. Bc7 1-0

[Event "4NCL Division 2c"]
[Site "Birmingham Airport ENG"]
[Date "2015.03.29"]
[Round "8.214"]
[White "Murphy, Hugh W"]
[Black "Abbas, Daniel"]
[Result "1-0"]
[WhiteElo "2173"]
[BlackElo "2228"]
[PlyCount "69"]
[EventDate "2015.03.29"]
[WhiteTeam "Grantham Sharks 2"]
[BlackTeam "3Cs"]

1. d4 Nf6 2. Nf3 e6 3. e3 c5 4. Bd3 Nc6 5. O-O d5 6. b3 Bd6 7. Bb2 O-O 8. Nbd2
Nb4 9. Be2 b6 10. a3 Nc6 11. Bd3 Bb7 12. Ne5 Be7 13. Qf3 Rc8 14. Qh3 h6 15.
Rad1 Qc7 16. f4 Nxe5 17. dxe5 Ne4 18. f5 exf5 19. Qxf5 Bg5 20. Nxe4 dxe4 21.
Bc4 Bxe3+ 22. Kh1 Bd4 23. Bxd4 cxd4 24. Rxd4 Rcd8 25. Rxd8 Qxd8 26. e6 Qe7 27.
exf7+ Kh8 28. a4 Bc8 29. Qg6 Bb7 30. h3 Bc8 31. Rf4 Bb7 32. c3 Rd8 33. Be6 Bc8
34. Bxc8 Rxc8 35. Rxe4 1-0